Lexique de termes juridiques / (Record no. 66310)

MARC details
000 -LEADER
campo de control de longitud fija 00782nam a2200265 4500
003 - IDENTIFICADOR DE NÚMERO DE CONTROL
campo de control BJBSDDR
005 - FECHA Y HORA DE LA ÚLTIMA TRANSACCIÓN
campo de control 20230410123704.0
007 - CAMPO FIJO DE DESCRIPCIÓN FÍSICA--INFORMACIÓN GENERAL
campo de control de longitud fija ta
008 - DATOS DE LONGITUD FIJA--INFORMACIÓN GENERAL
campo de control de longitud fija 060907s1999 fr fre
020 ## - NÚMERO INTERNACIONAL ESTÁNDAR DEL LIBRO
Número Internacional Estándar del Libro 224703487X
020 ## - NÚMERO INTERNACIONAL ESTÁNDAR DEL LIBRO
Número Internacional Estándar del Libro 9782247034871
040 ## - FUENTE DE CATALOGACIÓN
Lengua de catalogación spa
Centro/agencia transcriptor BJBSDDR
041 ## - CÓDIGO DE IDIOMA
Código de lengua del texto/banda sonora o título independiente fre
050 14 - SIGNATURA TOPOGRÁFICA DE LA BIBLIOTECA DEL CONGRESO
Número de clasificación R KJV 115
Número de ítem G959l 1999
082 00 - NÚMERO DE LA CLASIFICACIÓN DECIMAL DEWEY
Número de clasificación 340/.03
100 1# - ENTRADA PRINCIPAL--NOMBRE DE PERSONA
Nombre de persona Guillien, Raymond,
Fechas asociadas al nombre 1906-1980
245 10 - MENCIÓN DEL TÍTULO
Título Lexique de termes juridiques /
Mención de responsabilidad, etc. Raymond Guillien et Jean Vincent; sous la direction de Serge Guinchard.
250 ## - MENCION DE EDICION
Mención de edición 12e edition
260 ## - PUBLICACIÓN, DISTRIBUCIÓN, ETC.
Lugar de publicación, distribución, etc. Paris :
Nombre del editor, distribuidor, etc. Dalloz,
Fecha de publicación, distribución, etc. 1999
300 ## - DESCRIPCIÓN FÍSICA
Extensión 561 pages
650 #4 - PUNTO DE ACCESO ADICIONAL DE MATERIA--TÉRMINO DE MATERIA
9 (RLIN) 15695
Término de materia o nombre geográfico como elemento de entrada Derecho
Subdivisión de forma Diccionarios
700 1# - ENTRADA AGREGADA--NOMBRE PERSONAL
Nombre de persona Vincent, Jean
9 (RLIN) 25883
Término indicativo de función/relación coautor
700 1# - ENTRADA AGREGADA--NOMBRE PERSONAL
Nombre de persona Guinchard, Serge,
9 (RLIN) 5047
Fechas asociadas al nombre 1946-
Término indicativo de función/relación director
942 ## - ELEMENTOS DE ENTRADA SECUNDARIOS (KOHA)
Fuente del sistema de clasificación o colocación Clasificación de Library of Congress
Tipo de ítem Koha Libro
Holdings
Estatus retirado Estado de pérdida Estado de daño No para préstamo Colección Biblioteca de origen Biblioteca actual Ubicación en estantería Fecha de adquisición Signatura topográfica completa Código de barras Visto por última vez Copia número Tipo de ítem Koha
        Referencia Biblioteca Juan Bosch Biblioteca Juan Bosch Ciencias Sociales (3er. Piso) 24/10/2018 R KJV 115 G959l 1999 00000009425 24/10/2018 1 Libro